npj Palaeoecosystems (Запис № 579116)

МАРК-запис
000 -LEADER
fixed length control field 02953nas a22002775i 4500
001 - CONTROL NUMBER
control field 3091-390X
003 - CONTROL NUMBER IDENTIFIER
control field DE-He213
005 - DATE AND TIME OF LATEST TRANSACTION
control field 20260304140714.0
007 - PHYSICAL DESCRIPTION FIXED FIELD--GENERAL INFORMATION
fixed length control field cr nn 008mamaa
008 - FIXED-LENGTH DATA ELEMENTS--GENERAL INFORMATION
fixed length control field 250701s||||||||xxkuu poo|||||| b|EN |d
022 ## - INTERNATIONAL STANDARD SERIAL NUMBER
International Standard Serial Number 3091-390X
024 7# - OTHER STANDARD IDENTIFIER
Standard number or code 44513
Source of number or code local
210 10 - ABBREVIATED TITLE
Abbreviated title npj Palaeoecosystems
245 10 - TITLE STATEMENT
Title npj Palaeoecosystems
Medium [electronic resource] /
Statement of responsibility, etc edited by Vivi Vajda, Yong-dong Wang, Sushant Patil.
264 #1 -
-- London :
-- Nature Publishing Group UK :
-- Imprint: Nature Portfolio.
300 ## - PHYSICAL DESCRIPTION
Other physical details online resource.
520 ## - SUMMARY, ETC.
Summary, etc npj Palaeoecosystems is an open access journal that considers research exploring all aspects of deep-time ecosystems in both marine and terrestrial realms. This journal aims to advance our understanding of the origins, biodiversity variation, and reconstruction of palaeoecosystems by exploring palaeobiology, palaeogeography, palaeoenvironment, stratigraphy, and other global aspects, including geodatabases, carbon cycle, and geological events, using multidisciplinary approaches. This journal covers a broad range of topics, which include, but are not limited to: • Palaeobiology, including palaeobotany and palynology, palaeo-invertebrate and palaeovertebrate zoology, palaeomicrobiology, and palaeobiodiversity. • Stratigraphy, including biostratigraphy, ecostratigraphy, chemostratigraphy, magnetostratigraphy, cyclostratigraphy, and chronostratigraphy as well as high-resolution archives for exploring ecosystem variations • Human origins and evolution primarily involve the study of ancient human fossils, associated strata and dating, fossil burial processes, and the ecological environments in which early humans lived. Methodologies used in this field include the analysis of ancient DNA, ancient proteins, and dietary composition. • Palaeogeography and palaeoenvironment, including sedimentology, geochemistry, palaeoclimate, and the cycling of carbon and other essential life elements • Ecosystem aspects of major geological events, such as terrestrial and marine mass extinction, global warming, anoxia and hypothermal events, wildfires, and volcanism activities • Macroevolution and macroecology, including sudden and long-term processes, relationships between palaeobiodiversity, disparity, and function, ecosystem evolution and stability in times of crisis and in normal times • Ecosystem reconstruction in both deep and modern times, as a catalogue for habitable Earth.
650 #0 - SUBJECT ADDED ENTRY--TOPICAL TERM
Topical term or geographic name as entry element Paleoecology.
650 14 - SUBJECT ADDED ENTRY--TOPICAL TERM
Topical term or geographic name as entry element Paleoecology.
700 1# - ADDED ENTRY--PERSONAL NAME
Personal name Vajda, Vivi.
Relator term editor.
Relator code edt
-- http://id.loc.gov/vocabulary/relators/edt
9 (RLIN) 24186
700 1# - ADDED ENTRY--PERSONAL NAME
Personal name Wang, Yong-dong.
Relator term editor.
Relator code edt
-- http://id.loc.gov/vocabulary/relators/edt
9 (RLIN) 24187
700 1# - ADDED ENTRY--PERSONAL NAME
Personal name Patil, Sushant.
Relator term editor.
Relator code edt
-- http://id.loc.gov/vocabulary/relators/edt
9 (RLIN) 21438
710 2# - ADDED ENTRY--CORPORATE NAME
Corporate name or jurisdiction name as entry element SpringerLink (Online service)
856 40 - ELECTRONIC LOCATION AND ACCESS
Uniform Resource Identifier <a href="https://www.nature.com/npjpalaeo">https://www.nature.com/npjpalaeo</a>
Public note Open Access

Немає доступних примірників.